|
|
|
|
| LEADER |
01206nam a2200241 a 4500 |
| 001 |
3485703 |
| 008 |
090511s1994 nyua b 001 0 eng d |
| 010 |
|
|
|a \\\94006976
|
| 020 |
|
|
|a 0070358761
|
| 040 |
|
|
|a DLC
|c DLC
|d DLC
|
| 082 |
0 |
0 |
|a 628.4/4/068
|2 20
|
| 245 |
0 |
0 |
|a Handbook of solid waste management /
|c Frank Kreith, editor in chief.
|
| 260 |
|
|
|a New York :
|b McGraw-Hill,
|c c1994.
|
| 300 |
|
|
|a 1 v. (various pagings) :
|b ill. ;
|c 24 cm.
|
| 504 |
|
|
|a Includes bibliographical references and index.
|
| 541 |
1 |
|
|e 00007201
|
| 650 |
|
0 |
|a Refuse and refuse disposal.
|
| 700 |
1 |
|
|a Kreith, Frank.
|
| 852 |
4 |
|
|a Ayesha Abed Library
|j Generalshelf
|
| 999 |
|
|
|c 568
|d 568
|
| 952 |
|
|
|0 0
|1 0
|2 ddc
|4 0
|6 628_440680000000000_HAN_1994
|7 0
|8 NFIC
|9 518
|a BRACUL
|b BRACUL
|c GEN
|d 2009-05-11
|g 0.00
|l 2
|m 11
|o 628.44068 HAN
|p 3010007201
|r 2018-12-03
|s 2018-10-01
|t 1
|w 2009-05-11
|y BK
|x No price found in the accession register.
|
| 952 |
|
|
|0 0
|1 0
|2 ddc
|4 0
|6 628_440680000000000_HAN
|7 0
|9 43188
|a SCL
|b SCL
|c GEN
|d 1998-11-07
|l 1
|o 628.44068 HAN
|p 3020000257
|r 2019-11-24
|s 2019-11-23
|t 2
|w 2014-07-16
|y BK
|
| 952 |
|
|
|0 0
|1 0
|2 ddc
|4 0
|6 628_440680000000000_HAN
|7 0
|9 43190
|a SCL
|b SCL
|c GEN
|d 1998-11-07
|l 1
|o 628.44068 HAN
|p 3020000248
|r 2019-11-25
|s 2019-11-23
|t 3
|w 2014-07-16
|y BK
|